Gurbet hikâyeleri. (Record no. 51013)
[ view plain ]
| 000 -LEADER | |
|---|---|
| fixed length control field | 00638cam a22002291 4500 |
| 001 - CONTROL NUMBER | |
| control field | ne 68004437 |
| 003 - CONTROL NUMBER IDENTIFIER | |
| control field | DLC |
| 005 - DATE AND TIME OF LATEST TRANSACTION | |
| control field | 20260227111849.0 |
| 008 - FIXED-LENGTH DATA ELEMENTS--GENERAL INFORMATION | |
| fixed length control field | 751122s1965 xx 000 0 tur |
| 010 ## - LIBRARY OF CONGRESS CONTROL NUMBER | |
| LC control number | ne 68004437 |
| 035 ## - SYSTEM CONTROL NUMBER | |
| System control number | (OCoLC)1848712 |
| 040 ## - CATALOGING SOURCE | |
| Original cataloging agency | DLC |
| Transcribing agency | OU |
| Modifying agency | DLC |
| 042 ## - AUTHENTICATION CODE | |
| Authentication code | premarc |
| 050 00 - LIBRARY OF CONGRESS CALL NUMBER | |
| Classification number | PL248.K34 |
| Item number | G8 1965 |
| 100 1# - MAIN ENTRY--PERSONAL NAME | |
| Personal name | Karay, Refik Halit, |
| Dates associated with a name | 1888-1965. |
| 245 10 - TITLE STATEMENT | |
| Title | Gurbet hikâyeleri. |
| 250 ## - EDITION STATEMENT | |
| Edition statement | 2. basılış. |
| 260 ## - PUBLICATION, DISTRIBUTION, ETC. | |
| Place of publication, distribution, etc. | I̊stanbul, |
| Name of publisher, distributor, etc. | I̊nkılâp ye Aka Kitabevleri |
| Date of publication, distribution, etc. | [1965] |
| 300 ## - PHYSICAL DESCRIPTION | |
| Extent | 214 p. |
| Dimensions | 20 cm. |
| 490 1# - SERIES STATEMENT | |
| Series statement | His Külliyat, |
| Volume/sequential designation | 9 |
| 800 1# - SERIES ADDED ENTRY--PERSONAL NAME | |
| Personal name | Karay, Refik Halit, |
| Dates associated with a name | 1888-1965. |
| Title of a work | Külliyat, |
| Volume/sequential designation | 9. |
No items available.